Statistics for Name the Insect #1

Click here to take the quiz!

General Stats

  • This quiz has been taken 11 times
  • The average score is 8 of 15

Answer Stats

Answer% Correct
Ant
100%
Grasshopper
91%
Ladybird
91%
Centipede
82%
Tarantula
73%
Head Louse
55%
Monarch Butterfly
55%
Termite
55%
Aphid
36%
Cicada
36%
Silverfish
36%
Weevil
27%
Death's Head Hawkmoth
18%
Botfly
9%
Silkworm
9%

Score Distribution

Percentile by Number Answered

Percent of People with Each Score

Your Score History

You have not taken this quiz